| 000 | 01113nam a2200325 i 4500 | ||
|---|---|---|---|
| 001 | bg | ||
| 003 | BPK | ||
| 005 | 20201130070906.0 | ||
| 008 | 090714s2008 pl a f f |000 0 pol | ||
| 015 | _aPB 20396/2007 | ||
| 020 | _a9788371656705 | ||
| 040 | _cBPK | ||
| 041 | _apol | ||
| 044 | _aPOL | ||
| 080 | _a347.2(438) | ||
| 080 | _a332.74(438) | ||
| 080 | _a(083.1) | ||
| 245 | 0 | 0 |
_aOperaty szacunkowe - przykłady. _nCz. 3 / _c[zespół red. Izabella Marzec et al.]. |
| 260 |
_aWarszawa : _bWacetob Warszawskie Centrum Postępu Techniczno-Organizacyjnego Budownictwa. Dział Nieruchomości, _c2008. |
||
| 300 |
_a128 s. ; _c21 cm. |
||
| 490 | 1 | _aBaza Eksperta | |
| 655 | 4 | _aPoradnik | |
| 650 | 4 | _aOperat szacunkowy | |
| 700 | 1 |
_aMarzec, Izabella. _eRed. |
|
| 710 | 2 |
_aWACETOB _4pbl. |
|
| 830 | 0 | _aBaza Eksperta | |
| 856 |
_uhttp://koha.tu.koszalin.pl/cgi-bin/koha/opac-detail.pl?biblionumber=56533 _yKatalog online BPK |
||
| 942 |
_cKS _2UKD |
||
| 999 |
_c56533 _d56533 |
||